000 00673nam a22002297a 4500
005 20170124105942.0
010 _aA-258210
020 _c00.00
035 _aA-258210
037 _bCen Lib/Ret
040 _aDPL
_bEN
082 _a309.23
_bPLA
245 _aPlanning for the poor /
_cedited by Madan Mohan Verma
260 _aNew Delhi
_bGitanjali Publishing House
_c1986
270 _bNew Delhi
_e110024
_aLajpat nagar
300 _axii, 192p.
_c19cm(Hb)
500 _aIncludes index
650 _aPolitical economy
_911527
650 _aPlanning & development
_911528
700 _aVerma, Madan Mohan
_911526
942 _2ddc
_cEN
_h309.23
_mPLA
999 _c124665
_d124665